تشكيل المجالس المحلية و أثره على كفايتها : (رقم التسجيلة. 8103)

تفاصيل مارك
000 -الفاتح
عناصر البيانات ثابتة الطول 00787cam a2200181 i 4500
005 - تاريخ ووقت آخر معاملة
حقل ضبط 20260127102747.0
008 - عناصر البيانات ثابتة الطول
عناصر البيانات ثابتة الطول 250721s1984 ua gr 000 0 ara d
082 14 - رقم تصنيف ديوي العشري
رقم التصنيف 352
رقم المادة ز ع ب
100 1# - مدخل رئيسي – اسم شخصي
الاسم الشخصي الزعبي، خالد سماره
علاقة الشخص بالعمل/ دوره مؤلف.
245 10 - بيان العنوان
العنوان تشكيل المجالس المحلية و أثره على كفايتها :
بقية العنوان دراسة مقارنة - المملكة المتحدة - فرنسا - يوغسلافيا- مصر - الأردن /
بيان المسؤولية دكتور خالد سمارة الزعبي.
264 31 - بيانات النشر، التوزيع…إلخ
مكان النشر، التوزيع...إلخ الإسكندرية :
اسم الناشر، الموزع...إلخ منشأة المعارف،
تاريخ النشر، التوزيع...إلخ 1984.
300 ## - الوصف المادي
عدد الوحدات المكونة للوعاء 509 صفحة.
490 0# - بيان السلسلة
عنوان السلسلة الكتب القانونية
650 17 - مدخل إضافي بالموضوع - مصطلح موضوعي
مصطلح موضوعي أو اسم جغرافي كعنصر مدخل الإدارة المحلية.
830 #0 - مدخل إضافي بالسلسلة-عنوان مقنن
عنوان السلسسلة الكتب القانونية
942 ## - بيانات إضافية (كوها)
نوع التنصيف Dewey Decimal Classification
نوع المادة (كوها) كتب
المقتنيات
حالة السحب حالة الفقدان مصدر التصنيف حالة التلف غير قابل للإعارة المكتبة الرئيسية المكتبة الحالية موقع الرف تاريخ التزويد الرقم المتسلسل Total Checkouts رقم الإستدعاء تاريخ آخر ظهور تاريخ الفاتورة نوع المادة (كوها) الباركود
    Dewey Decimal Classification     المكتبة المركزية المكتبة المركزية الإعارة 15/03/2017 1650265   352 / ز ع ب 28/07/2025 15/03/2017 كتب PLD00404282
    Dewey Decimal Classification Unchecked   مكتبة الحسن العامة مكتبة الحسن العامة الإعارة 06/07/2004 942   352/زعب 28/07/2025 06/07/2004 كتب  
    Dewey Decimal Classification Unchecked   مكتبة الحسن العامة مكتبة الحسن العامة الإعارة 06/07/2004 943   352/زعب 28/07/2025 06/07/2004 كتب  
    Dewey Decimal Classification   Not For Loan مكتبة تاريخ الأردن مكتبة تاريخ الأردن لا يعار 13/11/2009 1335088   352/زعب 28/07/2025 13/11/2009 كتب PLD00119330
    Dewey Decimal Classification Unchecked   مكتبة صويلح العامة مكتبة صويلح العامة الإعارة 06/07/2004 1239   352/زعب 28/07/2025 06/07/2004 كتب  
    Dewey Decimal Classification     مكتبة وادي السير العامة مكتبة وادي السير العامة الإعارة 13/03/2016 [1572]..   352/زعب 28/07/2025 13/03/2016 كتب PLD00379516
    Dewey Decimal Classification     مكتبة وادي السير العامة مكتبة وادي السير العامة الإعارة 13/03/2016 [1291].......   352/زعب 28/07/2025 13/03/2016 كتب PLD00379517
Implemented & Customized by: BBB with SCIT (Smart Chains for Information Technology)

Powered by Koha